000 00375 a2200169 4500
001 70490
020 _a9788516069445
040 _cAnchieta - Itaigara
100 _aDreguer, Ricardo
240 1 0 _aQuem ganhou o jogo?
_lpor
245 1 0 _aQuem ganhou o jogo?
300 _a31
362 0 _a2011
440 1 _aModerna
650 4 _aLiteratura infanto-juvenil
942 _cBK
999 _c70490
_d70490